000 01290cam a2200361 a 4500
001 73492
005 20230410101801.0
008 090420s2008 mx b 001 0 spa d
035 _a15713343
925 0 _aacquire
_b1 shelf copy
_xpolicy default
942 _2lcc
_cbk
010 _a2009433345
020 _a9789706371645
020 _a9706371648
035 _a(OCoLC)ocn297456897
040 _aIRU
_cIRU
_dIRU
_dTJC
_dIXA
_dDLC
042 _alccopycat
043 _an-mx---
050 1 4 _a112 JL 1298
_bR449p 2008
100 1 _aReveles Vázquez, Francisco.
245 1 0 _aPartidos políticos en México :
_bapuntes teóricos /
_cFrancisco Reveles Vázquez.
260 _aMéxico :
_bUniversidad Nacional Autónoma de México; Facultad de Ciencias Políticas y Sociales :
_bEdiciones Gernika,
_c2008.
300 _a269 p. ;
_c21 cm.
440 0 _aColección Ciencias políticas ;
_v72
504 _aIncludes bibliographical references (p. 261-269) and index
505 0 _aPrimera parte: Apuntes teóricos--- Segunda parte: Los partidos políticos en México.
650 0 _aPolitical parties
_zMexico.
651 0 _aMexico
_xPolitics and government.
650 4 _aPartidos políticos
_zMéxico.
923 _d20090417
_n59963
_sMxMxBFM
985 _eVENDOR LOAD
946 _aNBM
999 _c13950
_d13950